<?xml version="1.0" encoding="UTF-8"?>
<record
    xmlns:xsi="http://www.w3.org/2001/XMLSchema-instance"
    xsi:schemaLocation="http://www.loc.gov/MARC21/slim http://www.loc.gov/standards/marcxml/schema/MARC21slim.xsd"
    xmlns="http://www.loc.gov/MARC21/slim">

  <leader>00429nam a2200169   4500</leader>
  <controlfield tag="003">SEACOMEC</controlfield>
  <controlfield tag="005">20250218131505.0</controlfield>
  <controlfield tag="008">250218b        |||||||| |||| 00| 0 eng d</controlfield>
  <datafield tag="020" ind1=" " ind2=" ">
    <subfield code="c">195.00</subfield>
  </datafield>
  <datafield tag="040" ind1=" " ind2=" ">
    <subfield code="a">SEACOMEC</subfield>
  </datafield>
  <datafield tag="082" ind1=" " ind2=" ">
    <subfield code="a">510.02462</subfield>
    <subfield code="b">K18</subfield>
  </datafield>
  <datafield tag="100" ind1=" " ind2=" ">
    <subfield code="a">Kar, B. K. </subfield>
  </datafield>
  <datafield tag="245" ind1=" " ind2=" ">
    <subfield code="a">Engineering Mathematics  - Vol- I / </subfield>
    <subfield code="c">B. K. Kar</subfield>
  </datafield>
  <datafield tag="260" ind1=" " ind2=" ">
    <subfield code="a">Kolkata</subfield>
    <subfield code="b">:  New Central Book Agency</subfield>
    <subfield code="c">2007</subfield>
  </datafield>
  <datafield tag="300" ind1=" " ind2=" ">
    <subfield code="a">Vol- I</subfield>
  </datafield>
  <datafield tag="942" ind1=" " ind2=" ">
    <subfield code="c">BOOK</subfield>
  </datafield>
  <datafield tag="952" ind1=" " ind2=" ">
    <subfield code="0">0</subfield>
    <subfield code="1">0</subfield>
    <subfield code="2">ddc</subfield>
    <subfield code="4">0</subfield>
    <subfield code="7">0</subfield>
    <subfield code="a">SEACOMEC</subfield>
    <subfield code="b">SEACOMEC</subfield>
    <subfield code="d">2008-09-13</subfield>
    <subfield code="l">0</subfield>
    <subfield code="o">510.02462 K18</subfield>
    <subfield code="p">13307</subfield>
    <subfield code="r">2025-02-18 13:15:23</subfield>
    <subfield code="w">2025-02-18</subfield>
    <subfield code="y">BOOK</subfield>
  </datafield>
  <datafield tag="952" ind1=" " ind2=" ">
    <subfield code="0">0</subfield>
    <subfield code="1">0</subfield>
    <subfield code="2">ddc</subfield>
    <subfield code="4">0</subfield>
    <subfield code="7">0</subfield>
    <subfield code="a">SEACOMEC</subfield>
    <subfield code="b">SEACOMEC</subfield>
    <subfield code="d">2008-09-13</subfield>
    <subfield code="l">0</subfield>
    <subfield code="o">510.02462 K18</subfield>
    <subfield code="p">13308</subfield>
    <subfield code="r">2025-02-18 13:15:23</subfield>
    <subfield code="t">1</subfield>
    <subfield code="w">2025-02-18</subfield>
    <subfield code="y">BOOK</subfield>
  </datafield>
  <datafield tag="952" ind1=" " ind2=" ">
    <subfield code="0">0</subfield>
    <subfield code="1">0</subfield>
    <subfield code="2">ddc</subfield>
    <subfield code="4">0</subfield>
    <subfield code="7">0</subfield>
    <subfield code="a">SEACOMEC</subfield>
    <subfield code="b">SEACOMEC</subfield>
    <subfield code="d">2008-09-13</subfield>
    <subfield code="l">0</subfield>
    <subfield code="o">510.02462 K18</subfield>
    <subfield code="p">13309</subfield>
    <subfield code="r">2025-02-18 13:15:23</subfield>
    <subfield code="t">2</subfield>
    <subfield code="w">2025-02-18</subfield>
    <subfield code="y">BOOK</subfield>
  </datafield>
  <datafield tag="952" ind1=" " ind2=" ">
    <subfield code="0">0</subfield>
    <subfield code="1">0</subfield>
    <subfield code="2">ddc</subfield>
    <subfield code="4">0</subfield>
    <subfield code="7">0</subfield>
    <subfield code="a">SEACOMEC</subfield>
    <subfield code="b">SEACOMEC</subfield>
    <subfield code="d">2008-09-13</subfield>
    <subfield code="l">0</subfield>
    <subfield code="o">510.02462 K18</subfield>
    <subfield code="p">13310</subfield>
    <subfield code="r">2025-02-18 13:15:23</subfield>
    <subfield code="t">3</subfield>
    <subfield code="w">2025-02-18</subfield>
    <subfield code="y">BOOK</subfield>
  </datafield>
  <datafield tag="952" ind1=" " ind2=" ">
    <subfield code="0">0</subfield>
    <subfield code="1">0</subfield>
    <subfield code="2">ddc</subfield>
    <subfield code="4">0</subfield>
    <subfield code="7">0</subfield>
    <subfield code="a">SEACOMEC</subfield>
    <subfield code="b">SEACOMEC</subfield>
    <subfield code="d">2008-09-13</subfield>
    <subfield code="l">0</subfield>
    <subfield code="o">510.02462 K18</subfield>
    <subfield code="p">13311</subfield>
    <subfield code="r">2025-02-18 13:15:23</subfield>
    <subfield code="t">4</subfield>
    <subfield code="w">2025-02-18</subfield>
    <subfield code="y">BOOK</subfield>
  </datafield>
  <datafield tag="952" ind1=" " ind2=" ">
    <subfield code="0">0</subfield>
    <subfield code="1">0</subfield>
    <subfield code="2">ddc</subfield>
    <subfield code="4">0</subfield>
    <subfield code="7">0</subfield>
    <subfield code="a">SEACOMEC</subfield>
    <subfield code="b">SEACOMEC</subfield>
    <subfield code="d">2008-09-13</subfield>
    <subfield code="l">0</subfield>
    <subfield code="o">510.02462 K18</subfield>
    <subfield code="p">13312</subfield>
    <subfield code="r">2025-02-18 13:15:23</subfield>
    <subfield code="t">5</subfield>
    <subfield code="w">2025-02-18</subfield>
    <subfield code="y">BOOK</subfield>
  </datafield>
  <datafield tag="952" ind1=" " ind2=" ">
    <subfield code="0">0</subfield>
    <subfield code="1">0</subfield>
    <subfield code="2">ddc</subfield>
    <subfield code="4">0</subfield>
    <subfield code="7">0</subfield>
    <subfield code="a">SEACOMEC</subfield>
    <subfield code="b">SEACOMEC</subfield>
    <subfield code="d">2008-09-13</subfield>
    <subfield code="l">0</subfield>
    <subfield code="o">510.02462 K18</subfield>
    <subfield code="p">13313</subfield>
    <subfield code="r">2025-02-18 13:15:23</subfield>
    <subfield code="t">6</subfield>
    <subfield code="w">2025-02-18</subfield>
    <subfield code="y">BOOK</subfield>
  </datafield>
  <datafield tag="952" ind1=" " ind2=" ">
    <subfield code="0">0</subfield>
    <subfield code="1">0</subfield>
    <subfield code="2">ddc</subfield>
    <subfield code="4">0</subfield>
    <subfield code="7">0</subfield>
    <subfield code="a">SEACOMEC</subfield>
    <subfield code="b">SEACOMEC</subfield>
    <subfield code="d">2008-09-13</subfield>
    <subfield code="l">0</subfield>
    <subfield code="o">510.02462 K18</subfield>
    <subfield code="p">13314</subfield>
    <subfield code="r">2025-02-18 13:15:23</subfield>
    <subfield code="t">7</subfield>
    <subfield code="w">2025-02-18</subfield>
    <subfield code="y">BOOK</subfield>
  </datafield>
  <datafield tag="952" ind1=" " ind2=" ">
    <subfield code="0">0</subfield>
    <subfield code="1">0</subfield>
    <subfield code="2">ddc</subfield>
    <subfield code="4">0</subfield>
    <subfield code="7">0</subfield>
    <subfield code="a">SEACOMEC</subfield>
    <subfield code="b">SEACOMEC</subfield>
    <subfield code="d">2008-09-13</subfield>
    <subfield code="l">0</subfield>
    <subfield code="o">510.02462 K18</subfield>
    <subfield code="p">13315</subfield>
    <subfield code="r">2025-02-18 13:15:23</subfield>
    <subfield code="t">8</subfield>
    <subfield code="w">2025-02-18</subfield>
    <subfield code="y">BOOK</subfield>
  </datafield>
  <datafield tag="952" ind1=" " ind2=" ">
    <subfield code="0">0</subfield>
    <subfield code="1">0</subfield>
    <subfield code="2">ddc</subfield>
    <subfield code="4">0</subfield>
    <subfield code="7">0</subfield>
    <subfield code="a">SEACOMEC</subfield>
    <subfield code="b">SEACOMEC</subfield>
    <subfield code="d">2008-09-13</subfield>
    <subfield code="l">0</subfield>
    <subfield code="o">510.02462 K18</subfield>
    <subfield code="p">13316</subfield>
    <subfield code="r">2025-02-18 13:15:23</subfield>
    <subfield code="t">9</subfield>
    <subfield code="w">2025-02-18</subfield>
    <subfield code="y">BOOK</subfield>
  </datafield>
  <datafield tag="999" ind1=" " ind2=" ">
    <subfield code="c">2022</subfield>
    <subfield code="d">2022</subfield>
  </datafield>
</record>
